| 000 | 00423nam a2200157 i 4500 | ||
|---|---|---|---|
| 001 | bg | ||
| 245 | 0 |
_aPodstawy filozofii marksistowskiej / _cwybór tekstów źródłowych i oprac. Henryk Swienko. |
|
| 260 |
_aWarszawa, _c1980. |
||
| 650 | 9 | _aFilozofia marksistowska | |
| 700 | 1 |
_aSwienko, Henryk. _eOprac. |
|
| 040 | _cBPK | ||
| 041 | _apol | ||
| 080 | _a1 | ||
| 942 | _cKS | ||
| 008 | s pl f |000 0 pol | ||
| 999 |
_c19191 _d19191 |
||
| 856 |
_uhttp://koha.tu.koszalin.pl/cgi-bin/koha/opac-detail.pl?biblionumber=19191 _yKatalog online BPK |
||